| 000 | 00658cam a22002291 4500 | ||
|---|---|---|---|
| 001 | sa 64008886 | ||
| 003 | DLC | ||
| 005 | 20260227112057.0 | ||
| 008 | 831227s1963 pk 000 0 ben | ||
| 010 | _asa 64008886 | ||
| 035 | _a(OCoLC)21629605 | ||
| 040 |
_aDLC _cCU _dDLC |
||
| 042 | _apremarc | ||
| 050 | 0 | 0 |
_aPK1713 _b.H6 |
| 100 | 1 |
_aHosena, Saiẏada Ānoẏāra, _d1934- |
|
| 245 | 1 | 0 |
_aSvākshara. _bSaṃkalana. _cSaiẏada Ānoẏāra Hosena ebaṃ Kājī Mujibura Rahamāna sampādita |
| 260 |
_aKarācī, _bKathākali, _c1963 |
||
| 300 |
_a77 p. _c25 cm |
||
| 500 | _aIn Bengali | ||
| 650 | 0 | _aBengali literature | |
| 700 | 1 | _aRahman, Mujibur | |
| 999 |
_c61089 _d61089 |
||